| 000 | 01670nam a22002417a 4500 | ||
|---|---|---|---|
| 999 |
_c60465 _d60465 |
||
| 003 | Ge_BSU | ||
| 005 | 20230724171736.0 | ||
| 008 | 230724s2020ge xxu||||| |||| 00| 0 geo d | ||
| 020 | _a9789941488221 | ||
| 041 | _ageo | ||
| 080 | _a634.8(479.22) დ-23 | ||
| 245 |
_aდასავლეთ საქართველოს ვაზის ავტოქთონური ჯიშების ყურძნის პასპორტები / _cმაია ხარაძე, მაია ვანიძე, ალეკო კალანდია, ინდირა ჯაფარიძე; რუსლან დავითაძე; რედ. არმაზ შალაშვილი |
||
| 264 |
_aბათუმი : _bბათუმის შოთა რუსთაველის სახელმწიფო უნივერსიტეტი, _c2020. |
||
| 300 |
_a88 გვ.: _b19 სმ. |
||
| 504 | _aბიბლიოგრაფ.გვ:87-88 | ||
| 653 | _aდასავლეთ საქართველოს ვაზის ავტოქთონური ჯიშების ყურძნის პასპორტები | ||
| 653 | _aსოფლის მეურნეობა | ||
| 700 |
_aხარაძე, მაია და სხვ. _919513 |
||
| 700 |
_aშალაშვილი, არმაზ _eრედაქტორი _919514 |
||
| 773 | _tნაჩუქარი | ||
| 856 |
_uhttps://dspace.nplg.gov.ge/bitstream/1234/327561/1/DasavletSaqartvelosVazisAvtoqtonuriJishebiYurdznisPasportebi.pdf _yელექტრონული ვერსია |
||
| 942 |
_2udc _cBK |
||